000 00685nam a2200205 i 4500
001 113611
003 ES-MaACL
005 20230906185946.0
007 t|
008 061121s1970 sp r ||||1| cat d
100 1 _aPalau, Miguel.
_988491
245 1 0 _aRellotges de sol
_b: historia i l'art de construirlo : sense matematiques /
_ctext i dibuixos de Miguel Palau.
260 _aBarcelona :
_bMilla,
_c1970.
300 _a268 p. :
_bil. ;
_c16 cm.
490 1 _aBiblioteca popular catalana "Vell i nou" ;
_v12
650 _aRelojes de sol.
_9171003
830 1 _aBiblioteca popular catalana "Vell i nou" ;
_v12
_9184847
852 _aES-MaACL
_jC-45521
999 _c113611
_d113611